000 00609nam a2200217Ia 4500
005 20250508152609.0
008 008 250505s9999 xx 000 0 eng d
037 _aTextual
040 _aFEDL
_beng
_cFEDL
041 _aeng
_2eng
084 _a372.7, POL
_qFEDL
100 _aPolkinghorne R K
_9756007
245 0 _aFundamental number teaching
260 _aLondon, UK
_bGeorge G Harrap and Co Ltd.
_c1955
300 _a196p
365 _aGifted
650 _aSchool Administration
700 _a Polkinghorne M I R
_9761904
942 _cTEXL
_h372.7, POL
999 _c1337501
_d1337501